House MD Actors - Statistics

General Stats
  • This quiz has been taken 426 times
  • The average score is 7 of 14
Answer Stats
Hint Answer % Correct
Gregory House Hugh Laurie
100%
Remy "Thirteen" Hadley Olivia Wilde
88%
Eric Foreman Omar Epps
79%
James Wilson Robert Sean Leonard
73%
Lisa Cuddy Lisa Edelstein
71%
Robert Chase Jesse Spencer
63%
Allison Cameron Jennifer Morrison
61%
Lawrence Kutner Kal Penn
56%
Chris Taub Peter Jacobson
35%
Amber Volakis Anne Dudek
24%
Martha Masters Amber Tamblyn
22%
Stacy Warner Sela Ward
22%
Jessica Adams Odette Annable
20%
Chi Park Charlyne Yi
19%
No matching quizzes found
Score Distribution
Percent of People with Each Score
Percentile by Number Answered
Your Score History
You have not taken this quiz